000 00530nam a2200217Ia 4500
005 20250425162053.0
008 250425s9999 xx 000 0 und d
041 _aspa
082 _a582.0467
100 _aVAUGHAN, CHARLES E
245 0 _aPROCESAMIENTO MECANICO Y BENEFICIO DE SEMILLAS
250 _a1A ED.
260 _aMEXICO
260 _aMéxico
_bHERRERO HNOS.
_c1970
300 _a284
650 _aPROCESAMIENTO
650 _aPROCESAMIENTO AUTOMATICO
650 _aSEMILLAS
942 _c01
010 _a47293
999 _c221764
_d221764